000
00324nam a2200109Ia 4500
008
171204s9999 xx 000 0 und d
245
_a
Introductory Econometrics: A Modern Approach
245
_c
Jeffrey M. Wooldridge
260
_c
2016
650
_x
BUSINESS RESEARCH
856
_u
http://down.ebook777.com/055/130527010X.pdf
999
_c
346941
_d
346941